| 000 | 01444nam a2200301 a 4500 | ||
|---|---|---|---|
| 001 | 000005396 | ||
| 003 | DO-SdBNP | ||
| 005 | 20240417103021.0 | ||
| 008 | 090819s1994 sp a 001 0 spa d | ||
| 020 | _a8400066847 | ||
| 040 |
_aDO-SdBNP _bspa _cBNPHU |
||
| 049 | _aBNPD | ||
| 082 |
_a016.97253 _bS684v |
||
| 100 | 1 |
_aSolano, Francisco de _915306 |
|
| 245 | 1 | 4 |
_aLas voces de la ciudad : _bMéxico a través de sus impresos (1539-1821) / _cFrancisco de Solano. |
| 260 |
_aMadrid, España : _bConsejo Superior de Investigaciones Científicas, _c1994. |
||
| 300 |
_aixx, 330 p. : _bil. ; _c24 cm. |
||
| 490 | 0 |
_aBiblioteca de Historia de América _v9 |
|
| 500 | _aIncluye índice analítico | ||
| 505 | 0 |
_gPreámbulo -- _tEstudio preliminar -- _tHistorias generales de la conquista, fundación y descripciones de la ciudad de México -- _tVida diaria -- _tVida festiva -- _tDesorganización de la ciudad de México -- _tLa ciudad de México en la transición (1808/1821) -- _tÍndices analíticos. |
|
| 650 | 4 |
_aImprenta _xHistoria _zCiudad De México _915310 _vBibliografías |
|
| 651 | 4 |
_aCiudad De México _xHistoria _915307 _vBibliografías |
|
| 651 | 4 |
_aCiudad de México _xVida social y costumbres _y1810 _xBibliografías _915308 |
|
| 651 | 4 |
_aCiudad De México _xHistoria _yColonia, 1521-1821 _915309 _vBibliografías |
|
| 830 | 0 |
_aBiblioteca de Historia de América _n9 _915311 |
|
| 910 | _aValidado. Control de calidad. EMS | ||
| 942 |
_2ddc _cLBS1 |
||
| 999 |
_c5196 _d5196 |
||